MDQL
is popping MORE tags! Check the
thread
!
Quizzes
Events
Quiz Creation
Community
Videos
Private Events
Remove Ads
Sign In
Join for FREE
Feedback
Dark Mode
Quiz Categories
Sports
Geography
Music
Movies
Television
Just For Fun
Miscellaneous
History
Literature
Language
Science
Gaming
Entertainment
Religion
Holiday
For Kids
Quiz Lab
Recent
Popular Today
Quiz Kudos Today
Editor Picks
Curator Picks
Quizzes by...
Day
Popularity
Type
Ratings
Length
Year
Community
Subscriptions
Recent Discussions
Orange Saloon
Badges
Playlists
Quests
Create
Leaderboards
Showdown
Live 5
Trivia Bingo
Activity
Puzzle Library
Sporcle Events
Private Events
Virtual Trivia
Globe League
Become a Host
Pub Owners
SporcleCon
Opinionation
Our Games
Videos
Blog
Mobile Apps
Partnerships
Remove Ads and Go Orange
Feedback
Music
Pop Music
The Beatles
Song
Album
Lyrics
Bands
Singers
Artist
Clip
Rock
Rap
Classical
Billboard
Country Music
Kpop
Taylor Swift
Music
Pop Music
The Beatles
Song
Album
Lyrics
Bands
Singers
Artist
Clip
Rock
Rap
Classical
Billboard
Country Music
Kpop
Taylor Swift
Random Quiz
Search Sporcle
×
Quiz Lab
Quiz Lab
Music
Hello Project
Type in answers that appear in a list
Type in answers that appear in a list
Classic
Best Score? Go Orange.
Hello! Project Kenshuusei Stats
Can you name the Hello! Project Kenshuusei/Eggs?
By
Starra
20m
108 Questions
98 Plays
98 Plays
98 Plays
Comments
Comments
Give Quiz Kudos
Give Quiz Kudos
-
- Ratings
hide this ad
Replay
Link that replays current quiz
Next Quiz
Link to next quiz in quiz playlist
You Got
0%
They Got
Avg Score
34%
Avg Friend Score
Upgrade to see
Score Distribution
Jump to the score distribution portion of the page
Score
0/108
Timer
20:00
0
Plays Today
Birth year
Member
% Correct
1996
Ogawa Saki
92.9%
1995
Kanazawa Tomoko
92.3%
1997
Yamaki Risa
92.3%
1998
Ogata Risa
92.3%
1998
Uemura Akari
92.3%
1998
Murota Mizuki
92.3%
1999
Aikawa Maho
92.3%
1999
Tanimoto Ami
92.3%
1999
Niinuma Kisora
92.3%
2001
Inoue Rei
92.3%
2001
Sasaki Rikako
92.3%
2001
Makino Maria
92.3%
2002
Haga Akane
92.3%
1998
Miyamoto Karin
91.8%
1994
Maeda Yuuka
90.8%
1995
Fukuda Kanon
89.8%
1994
Wada Ayaka
86.7%
1996
Fukumura Mizuki
85.7%
1992
Kikkawa Yuu
84.7%
1997
Inaba Manaka
84.6%
1998
Yamagishi Riko
84.6%
1999
Hirose Ayaka
84.6%
1999
Kaga Kaede
84.6%
2000
Nomura Minami
84.6%
2000
Asakura Kiki
84.6%
2000
Kishimoto Yumeno
84.6%
2001
Onoda Saori
84.6%
2002
Akiyama Mao
84.6%
2002
Funaki Musubu
84.6%
2003
Kasahara Momona
84.6%
1995
Saho Akari
83.7%
1999
Kudou Haruka
83.7%
1997
Takeuchi Akari
82.7%
1991
Mano Erina
80.6%
1999
Tanabe Nanami
78.6%
1993
Arihara Kanna
78.6%
Birth year
Member
% Correct
1999
Fujii Rio
76.9%
1999
Ichioka Reina
76.9%
1999
Oda Sakura
76.9%
2000
Ono Mizuho
76.9%
2001
Wada Sakurako
76.9%
2002
Yanagawa Nanami
76.9%
2004
Kiyono Momohime
76.9%
1993
Kitahara Sayaka
76.5%
1998
Katsuta Rina
75.5%
1991
Linlin
75.5%
1993
Mori Saki
74.5%
1997
Maeda Irori
73.5%
1987
Okada Yui
71.4%
1991
Sengoku Minami
69.4%
1988
Noto Arisa
69.4%
1997
Hashimoto Nagisa
69.2%
2001
Danbara Ruru
69.2%
1997
Arai Manami
63.3%
1999
Takase Kurumi
61.5%
2000
Ooura Hirona
61.5%
2000
Inoue Hikaru
61.5%
2001
Nakano Rion
61.5%
2002
Maeda Kokoro
61.5%
2004
Yonemura Kirara
61.5%
1997
Takagi Sayuki
61.2%
1995
Satou Ayano
59.2%
1996
Sekine Azusa
59.2%
1997
Kaneko Rie
59.2%
1992
Furukawa Konatsu
58.2%
1984
Hirano Tomomi
55.1%
1998
Ootsuka Aina
54.5%
1997
Tanaka Karen
53.8%
1997
Kosuga Fuyuka
53.8%
1998
Horie Kizuki
53.8%
1998
Okamura Rise
53.8%
1999
Mashiro Kana
53.8%
Birth year
Member
% Correct
1999
Shimano Momoko
53.8%
1999
Yokogawa Yumei
53.8%
2001
Takemura Miu
53.8%
2002
Ono Kotomi
53.8%
2002
Kanatsu Mizuki
53.8%
2003
Kodama Sakiko
53.8%
1985
Korenaga Miki
52%
1993
Okada Robin Shouko
52%
1994
Komine Momoka
50%
1996
Okai Asuna
50%
2000
Ogawa Rena
49.4%
1993
Gotou Yuki
48%
1991
Sawada Yuri
46.9%
1999
Mogi Minami
46.8%
1999
Mikame Kana
46.2%
2001
Noguchi Kurumi
46.2%
2001
Saitou Kana
46.2%
1990
Aoki Erina
45.9%
1993
Sainen Mia
44.9%
1996
Nagasawa Wakana
44.9%
1991
Oose Kaede
44.9%
1991
Tanaka Anri
43.9%
1992
Mutou Mika
42.9%
1992
Hashimoto Aina
41.8%
2000
Taguchi Natsumi
41.6%
2000
Hamaura Ayano
40.3%
1993
Yutoku Ayumi
39.8%
1989
Morozuka Kanami
39.8%
1992
Akiyama Yurika
36.7%
1999
Yoshihashi Kurumi
35.1%
1996
Kizawa Runa
33.7%
1994
Sezaki Azusa
32.7%
Unknown
Ooyanagi Maho
32.7%
1986
Kawashima Miyuki
30.6%
1991
Ogura Manami
29.6%
1992
Hashida Mirei
29.6%
Quiz Playlist
Details
Report
Send in Message
Add To Playlist
Classic:
Type in answers that appear in a list
Quiz Source
Last Updated: Feb 16, 2017
Quiz Scoreboard
CHALLENGE
Sign Up to Join the Scoreboard
Show All
Scores
Hide
Comments
May contain spoilers
Recently Published
Holiday 10x10 Sorting Gallery
by lukepisani3
Holiday
15m
Two Season TV Shows II
by 123Four
Television
10m
Image Sorting: Flags VI
by Barbecue
Geography
2m
More to Explore
Quiz From the Vault
Featured Blog Post
14 Easter Pick-up Lines to Find Eggs With
hide this ad
You Might Also Like...
Tags
birth
egg
group
hello
Hello Project
project
Today's Top Quizzes in Music
Browse Music
hide this ad
Top Contributed Quizzes in Music
1
5X2 Blitz: Bands II
2
Taylor Swift All Songs (2024)
3
5X2 Blitz: The Beatles
4
5X2 Blitz: Billboard
5
Music Artist by Three 2010s hits
6
5X2 Blitz: Billboard II
7
5X2 Blitz: Album
8
5X2 Blitz: Rock
9
5X2 Blitz: Singers
10
5X2 Blitz: Lyrics
Explore More
Trending Topics
Kpop
Harry Potter
Marvel
NBA
Disney
Anime
Crossword
NFL
Country
Pokémon
The Office
Puzzle
Song
Soccer
WWE
hide this ad
More By:
Starra
Quiz
Plays
Rating
Category
Featured
Created
Hetalia characters (clickable)
94,286
2.97
Entertainment
Apr 16, 2012
ALL Hello! Project members
1,278
5.00
Music
Apr 13, 2010
Hello! Project Groups
597
4.00
Music
Apr 13, 2010
Hello! Project Trivia
427
5.00
Music
Oct 28, 2013
Aladdin Songs
336
1.00
Movies
Oct 25, 2011
Go to Creator's Profile
Score Distribution
Quiz Creator Spotlight
Starra
Follow
Send a Message
Quizzes Created
-
Created Quiz Play Count
-
More By This Creator
Popular Quizzes Today
1
Find the US States - No Outlines Minefield
2
Colored Red Africa Blitz
3
Find the 'City' Movie
4
The Countries of the World
5
5x2 Blitz: Bands
6
Find the Countries of Europe - No Outlines Minefield
7
Find the US States
8
US States
More Music Quizzes
'Philadelphia Freedom' Lyrics
Published
Trending Quizzes
Colored Red Europe Blitz I
Colored Red Europe Blitz II
Colored Red Africa Blitz II
Colored Red Europe Blitz III
Colored Red Africa Blitz III
Recently Updated
Odd Team Out - Big 4 Players
pecheneg
Quick Pick: 20 Twenties
pecheneg
March Madness Men's Triple Doubles
pecheneg
How Do You Spell That?
pecheneg
Godzilla Movies
pecheneg
Grab Bag: 4-10 Letters
pecheneg
2024 March Madness Bracket
pecheneg
Famous TV Couples
Peacemaker
Champions League XIs: Real Madrid
pecheneg
Largest US Cities 1790-2010
pecheneg
Trending Topics
Anime
Harry Potter
Disney
Marvel
NBA
Kpop
Crossword
Pokémon
NFL
Soccer
WWE
The Office
Country
Puzzle
Song
Your Account Isn't Verified!
In order to create a playlist on Sporcle, you need to verify the email address you used during registration. Go to your
Sporcle Settings
to finish the process.
Report this User
Report this user for behavior that violates our
Community Guidelines
.
Details:
Send Report
Go to the Sporcle.com Mobile Site →
Comments